[Event "World School-ch U15 Girls"]
[Site "Antalya"]
[Date "2019.04.26"]
[Round "9"]
[White "Abisheva, Irada"]
[Black "Pirmetova, Dariga"]
[Result "0-1"]
[WhiteElo "1225"]
[BlackElo "1270"]
[PlyCount "140"]
[EventDate "2019.04.18"]
[EventType "swiss"]
[EventRounds "9"]
[EventCountry "TUR"]
[SourceTitle "CBM 190 Extra"]
[Source "ChessBase"]
[SourceDate "2019.07.15"]
[SourceVersion "1"]
[SourceVersionDate "2019.07.15"]
[SourceQuality "1"]

1. e4 e5 2. Nf3 Nc6 3. d4 exd4 4. Nxd4 Bc5 5. Be3 Qf6 6. c3 Nge7 7. Bc4 0-0 8. 0-0 a6 9. f4 d6 10. Kh1 b5 11. Bb3 Bb7 12. Bc2 Ng6 13. Qd2 h6 14. Rf2 Rfe8 15. g4 Rad8 16. f5 Nge5 17. g5 Qe7 18. gxh6 Nc4 19. f6 Qxf6 20. Rxf6 Nxd2 21. hxg7 Kxg7 22. Rf4 Nc4 23. Rg4+ Kf8 24. Bg5 Rb8 25. Nf5 Re5 26. Bf6 Re6 27. Rh4 Ke8 28. Ng7+ Kd7 29. Nxe6 Kxe6 30. Rh6 Kd7 31. Na3 Nxb2 32. Rf1 Bxa3 33. Rh7 Ke6 34. Bb3+ Nc4 35. Bh4 N6e5 36. Rf6+ Kd7 37. Bc2 Rg8 38. Bg3 Rg4 39. Rf4 Rxf4 40. Bxf4 Bc5 41. h4 Bf2 42. h5 Be1 43. Kh2 Bxc3 44. Kh3 Ke6 45. h6 Ng6 46. Bg3 Ne3 47. Bb3+ Nc4 48. Bc2 c5 49. e5 Ncxe5 50. Rg7 Nd7 51. Rg8 Nf6 52. Rd8 Be5 53. Bxe5 Kxe5 54. Bxg6 fxg6 55. Rf8 Bd5 56. Kh4 c4 57. Rc8 b4 58. Kg5 Bf7 59. Rb8 c3 60. Rc8 Nh7+ 61. Kh4 a5 62. Rc7 Ke6 63. Kg3 a4 64. Kf3 d5 65. Ke3 g5 66. Kd3 Bg6+ 67. Kd4 Be4 68. Rb7 c2 69. Rc7 b3 70. axb3 axb3 0-1

[Event "World School-ch U15 Girls"]
[Site "Antalya"]
[Date "2019.04.21"]
[Round "4"]
[White "Pirmetova, Dariga"]
[Black "Ilkbahar, Nimet Seray"]
[Result "1/2-1/2"]
[WhiteElo "1270"]
[BlackElo "1529"]
[PlyCount "68"]
[EventDate "2019.04.18"]
[EventType "swiss"]
[EventRounds "9"]
[EventCountry "TUR"]
[SourceTitle "CBM 190 Extra"]
[Source "ChessBase"]
[SourceDate "2019.07.15"]
[SourceVersion "1"]
[SourceVersionDate "2019.07.15"]
[SourceQuality "1"]

1. f4 Nf6 2. Nf3 g6 3. b3 Bg7 4. Bb2 c5 5. e3 b6 6. Be2 Bb7 7. 0-0 0-0 8. Kh1 d6 9. a4 Nbd7 10. d3 Re8 11. Nbd2 Ng4 12. Qc1 Nxe3 13. Re1 Nf6 14. Nf1 Ned5 15. Ng3 e6 16. d4 a6 17. Qd2 Qc7 18. Rad1 Rac8 19. dxc5 dxc5 20. Be5 Qc6 21. c4 Nb4 22. Qb2 Ng4 23. Bxg7 Nf2+ 24. Kg1 Nxd1 25. Rxd1 Qc7 26. Qf6 Qe7 27. Qe5 f5 28. Bf6 Qc7 29. Rd6 Nc6 30. Rxc6 Qxc6 31. Kf2 Qd7 32. Ng5 Qc6 33. Bf3 Qd7 34. Be2 Qc6 1/2-1/2